[Event "MCR 2022 H08"]
[Site "Klatovy, Czech Republic"]
[Date "2022.04.09"]
[Round "4.13"]
[White "Sott, David"]
[Black "Krejcik, Radek"]
[Result "0-1"]
[WhiteElo "1000"]
[BlackElo "1000"]
[PlyCount "80"]
[EventDate "2022.04.09"]
[EventType "swiss"]
[EventRounds "9"]
[EventCountry "CZE"]

1. e4 e5 2. Nf3 Nc6 3. Bc4 Nf6 4. Nc3 Bc5 5. O-O O-O 6. Ng5 d6 7. Bxf7+ Kh8 8.
d3 Bg4 9. Qe1 a6 10. Qd2 b5 11. Ne6 Qe7 12. Nxf8 Qxf8 13. Bd5 Nxd5 14. Nxd5 Re8
15. Nxc7 Rc8 16. Nd5 Re8 17. Nc7 Rc8 18. Ne6 Bxe6 19. Qc3 Bb4 20. Qb3 Bxb3 21.
axb3 a5 22. f4 Bc5+ 23. Kh1 exf4 24. Bxf4 b4 25. Bxd6 Qxd6 26. Rf2 Bxf2 27. Rf1
Bd4 28. Re1 Bxb2 29. e5 Bxe5 30. Rf1 Nd4 31. c4 Nc2 32. c5 Qa6 33. Rf7 Kg8 34.
Re7 Bf6 35. Rd7 Rd8 36. Rc7 Be5 37. Re7 Bf6 38. Re6 Qxe6 39. h3 Qe1+ 40. Kh2
Be5+ 0-1

[Event "MCR 2022 H08"]
[Site "Klatovy, Czech Republic"]
[Date "2022.04.09"]
[Round "4.14"]
[White "Krivka, Lukas"]
[Black "Vo, Daniel"]
[Result "1-0"]
[WhiteElo "1000"]
[BlackElo "1000"]
[PlyCount "79"]
[EventDate "2022.04.09"]
[EventType "swiss"]
[EventRounds "9"]
[EventCountry "CZE"]

1. e4 e5 2. Nf3 Nc6 3. Bb5 Bc5 4. Bxc6 dxc6 5. O-O Bg4 6. h3 Bxf3 7. Qxf3 Nh6
8. Nc3 Bd4 9. Re1 Bxc3 10. Qxc3 f6 11. d3 Qd7 12. Bxh6 gxh6 13. f4 Rf8 14. fxe5
fxe5 15. Qxe5+ Qe7 16. Qh5+ Rf7 17. Qxh6 Qc5+ 18. Qe3 Qxc2 19. Re2 Qa4 20. b3
Qa6 21. Qd4 Rd7 22. Qh8+ Ke7 23. Qxa8 Rd8 24. Qxd8+ Kxd8 25. Re3 Qb6 26. Rae1
Qxb3 27. axb3 b5 28. e5 Ke8 29. d4 b4 30. e6 a5 31. Ra1 c5 32. d5 Ke7 33. Rxa5
c4 34. bxc4 b3 35. Rxb3 Kd6 36. Ra6+ Ke7 37. Rg3 Kf8 38. Ra8+ Ke7 39. Rg7+ Kd6
40. e7 1-0

[Event "MCR 2022 H08"]
[Site "Klatovy, Czech Republic"]
[Date "2022.04.09"]
[Round "5.1"]
[White "Lutskiy, Mikhail"]
[Black "Zelenka, Tomas"]
[Result "0-1"]
[WhiteElo "1135"]
[BlackElo "1158"]
[PlyCount "24"]
[EventDate "2022.04.09"]
[EventType "swiss"]
[EventRounds "9"]
[EventCountry "CZE"]

1. e4 e5 2. Nf3 Nc6 3. Bc4 Nf6 4. Nc3 Nxe4 5. Nxe4 d5 6. Bb5 dxe4 7. Nxe5 Qg5
8. Nxc6 Qxg2 9. Ne5+ c6 10. Rf1 cxb5 11. Qh5 g6 12. Qh4 Bh3 0-1

[Event "MCR 2022 H08"]
[Site "Klatovy, Czech Republic"]
[Date "2022.04.09"]
[Round "5.2"]
[White "Vratny, Vojtech"]
[Black "Trejbal, Jindrich 2014"]
[Result "0-1"]
[WhiteElo "1000"]
[BlackElo "1101"]
[PlyCount "36"]
[EventDate "2022.04.09"]
[EventType "swiss"]
[EventRounds "9"]
[EventCountry "CZE"]

1. e4 e5 2. Nf3 Nc6 3. Bc4 Bc5 4. O-O Nf6 5. Nc3 d6 6. d3 h6 7. Be3 Bb6 8. Nd5
Nxd5 9. Bxd5 Bg4 10. h3 Bh5 11. g4 Bg6 12. Nd2 Qh4 13. Nc4 Qxh3 14. Bd2 Qg3+
15. Kh1 Bxf2 16. Qf3 Qxf3+ 17. Kh2 Qg3+ 18. Kh1 Qh3# 0-1

[Event "MCR 2022 H08"]
[Site "Klatovy, Czech Republic"]
[Date "2022.04.09"]
[Round "5.4"]
[White "Krejcik, Radek"]
[Black "Bartak, Tobias"]
[Result "0-1"]
[WhiteElo "1000"]
[BlackElo "1000"]
[PlyCount "44"]
[EventDate "2022.04.09"]
[EventType "swiss"]
[EventRounds "9"]
[EventCountry "CZE"]

1. e4 d5 2. exd5 Nf6 3. c4 Bf5 4. Nc3 e5 5. Be2 c6 6. dxc6 Nxc6 7. Nf3 Bb4 8.
O-O O-O 9. a3 Bc5 10. b4 Bb6 11. c5 Bc7 12. Nb5 e4 13. Nxc7 Qxc7 14. b5 exf3
15. bxc6 fxe2 16. Qxe2 Rfe8 17. Qd1 Bg4 18. Qc2 Qe7 19. Bb2 Qe6 20. Bxf6 gxf6
21. Rfe1 Qxe1+ 22. Rxe1 Rxe1# 0-1

[Event "MCR 2022 H08"]
[Site "Klatovy, Czech Republic"]
[Date "2022.04.09"]
[Round "5.5"]
[White "Tomes, Dominik"]
[Black "Burel, Jan"]
[Result "0-1"]
[WhiteElo "1000"]
[BlackElo "1000"]
[PlyCount "61"]
[EventDate "2022.04.09"]
[EventType "swiss"]
[EventRounds "9"]
[EventCountry "CZE"]

1. e4 e5 2. Nf3 Nc6 3. Bc4 Bc5 4. O-O h6 5. Nc3 Nf6 6. d3 d6 7. h3 O-O 8. Bd5
Bd7 9. Bxc6 Bxc6 10. a3 a5 11. b4 axb4 12. Ne2 bxa3 13. Bxa3 Rxa3 14. Rxa3 Bxa3
15. Qa1 Bc5 16. d4 exd4 17. Nexd4 Bxd4 18. Qxd4 Bb5 19. Rb1 Bc6 20. e5 dxe5 21.
Qxe5 Re8 22. Qc3 Ne4 23. Qb2 Nd6 24. g3 Bd7 25. Nh4 Bxh3 26. Qd4 Nc8 27. Qc3
Qd5 28. Qxc7 g5 29. Rxb7 gxh4 30. f3 Qxf3 31. Rb3 0-1

[Event "MCR 2022 H08"]
[Site "Klatovy, Czech Republic"]
[Date "2022.04.09"]
[Round "5.6"]
[White "Cerny, Ren"]
[Black "Krivka, Lukas"]
[Result "1/2-1/2"]
[WhiteElo "1000"]
[BlackElo "1000"]
[PlyCount "52"]
[EventDate "2022.04.09"]
[EventType "swiss"]
[EventRounds "9"]
[EventCountry "CZE"]

1. e4 e5 2. Nc3 Nf6 3. Bc4 Bb4 4. d3 Bxc3+ 5. bxc3 O-O 6. f4 Nc6 7. Nf3 exf4 8.
Bxf4 d5 9. exd5 Nxd5 10. Bd2 Re8+ 11. Kf2 Ne5 12. Nxe5 Rxe5 13. Re1 Qf6+ 14.
Kg1 Rxe1+ 15. Qxe1 Be6 16. Bxd5 Bxd5 17. c4 Bc6 18. Rb1 Qg6 19. Qf2 Re8 20. g3
h6 21. Qxa7 Re2 22. Qb8+ Kh7 23. Bf4 Rg2+ 24. Kf1 Qe6 25. Re1 Qf6 26. Qxc7 Rxh2
1/2-1/2

[Event "MCR 2022 H08"]
[Site "Klatovy, Czech Republic"]
[Date "2022.04.09"]
[Round "5.7"]
[White "Flidr, Jan"]
[Black "Tomes, Jan"]
[Result "0-1"]
[WhiteElo "1000"]
[BlackElo "1000"]
[PlyCount "48"]
[EventDate "2022.04.09"]
[EventType "swiss"]
[EventRounds "9"]
[EventCountry "CZE"]

1. e4 e5 2. Nf3 Nc6 3. Bc4 Nf6 4. Nc3 Bc5 5. Nd5 Nxe4 6. d3 Nxf2 7. Qe2 Nxh1 8.
Bg5 f6 9. Nxf6+ gxf6 10. Bxf6 Qxf6 11. O-O-O Nf2 12. Rd2 Qe7 13. Kb1 Nd4 14.
Nxd4 Bxd4 15. c3 Bb6 16. Qh5+ Kd8 17. Qf5 d5 18. Bxd5 Bxf5 19. Re2 Bxd3+ 20.
Rc2 Bxc2+ 21. Kxc2 Qd6 22. c4 c6 23. Bf3 Qd3+ 24. Kc1 Be3# 0-1

[Event "MCR 2022 H08"]
[Site "Klatovy, Czech Republic"]
[Date "2022.04.09"]
[Round "5.8"]
[White "Skoloud, Josef"]
[Black "Habetinek, Jan"]
[Result "1-0"]
[WhiteElo "1068"]
[BlackElo "1000"]
[PlyCount "91"]
[EventDate "2022.04.09"]
[EventType "swiss"]
[EventRounds "9"]
[EventCountry "CZE"]

1. e4 e5 2. f4 d6 3. Nf3 Bg4 4. d3 Bxf3 5. Qxf3 exf4 6. Qxf4 Be7 7. Nc3 Nf6 8.
Be2 O-O 9. O-O Nc6 10. Nd5 Nxd5 11. exd5 Ne5 12. d4 Bg5 13. Qxg5 Qxg5 14. Bxg5
Nd7 15. Bg4 Nb6 16. Rfe1 Rae8 17. Be7 Nxd5 18. Bxf8 Rxe1+ 19. Rxe1 Kxf8 20. Bd7
Ne7 21. Rf1 g6 22. Be6 Nc6 23. Rxf7+ Ke8 24. Rxc7 Nxd4 25. Bb3 Ne2+ 26. Kf2 Nd4
27. Rxb7 Nxb3 28. Rxb3 a6 29. Rb7 d5 30. Kf3 a5 31. Kf4 d4 32. Ke5 d3 33. cxd3
g5 34. Ke6 Kd8 35. Rxh7 a4 36. Kd6 Ke8 37. Kc5 g4 38. h3 gxh3 39. gxh3 a3 40.
bxa3 Kd8 41. Kc6 Ke8 42. Ra7 Kd8 43. h4 Ke8 44. Kd6 Kf8 45. Ke6 Kg8 46. Kf6 1-0

[Event "MCR 2022 H08"]
[Site "Klatovy, Czech Republic"]
[Date "2022.04.09"]
[Round "5.9"]
[White "Vasina, Tadeas"]
[Black "Strihavka, Petr"]
[Result "0-1"]
[WhiteElo "1000"]
[BlackElo "1000"]
[PlyCount "78"]
[EventDate "2022.04.09"]
[EventType "swiss"]
[EventRounds "9"]
[EventCountry "CZE"]

1. e4 d5 2. Nc3 dxe4 3. Nxe4 Nc6 4. Nf3 Nf6 5. Bd3 Nxe4 6. Bxe4 Bd7 7. O-O g6
8. d3 Bg7 9. Bf4 O-O 10. Bxc6 Bxc6 11. Ne5 Qd4 12. Nxc6 Qxf4 13. g3 Qd6 14. Na5
Bxb2 15. Rb1 b6 16. Nb7 Qc6 17. Rxb2 Qxb7 18. c4 Rad8 19. Re2 e6 20. Re5 Qa6
21. Re4 Qxa2 22. Re2 Qa3 23. Rd2 Rd7 24. Re1 Rfd8 25. Re3 a5 26. d4 Qb4 27. f4
Qxc4 28. Rc2 Qb4 29. Rd3 Rxd4 30. Rxd4 Rxd4 31. Qf1 a4 32. Rxc7 a3 33. Rc8+ Kg7
34. Ra8 Qc5 35. Kg2 Rd2+ 36. Kf3 a2 37. Qe1 Qc3+ 38. Ke4 Rd4+ 39. Ke5 Qxe1+ 0-1

[Event "MCR 2022 H08"]
[Site "Klatovy, Czech Republic"]
[Date "2022.04.09"]
[Round "5.10"]
[White "Fadrny, Jonas"]
[Black "Kohout, Filip"]
[Result "1-0"]
[WhiteElo "1000"]
[BlackElo "1000"]
[PlyCount "167"]
[EventDate "2022.04.09"]
[EventType "swiss"]
[EventRounds "9"]
[EventCountry "CZE"]

1. e4 e5 2. f4 Qh4+ 3. g3 Qe7 4. Nf3 d6 5. Bg2 Nc6 6. Nc3 Bg4 7. Nd5 Qd7 8. d3
Nf6 9. Be3 Nxd5 10. exd5 Ne7 11. c4 Nf5 12. Qd2 exf4 13. Bxf4 Qe7+ 14. Qe2 Bxf3
15. Qxe7+ Bxe7 16. Bxf3 Nd4 17. Bd1 Ne6 18. dxe6 fxe6 19. Bg4 e5 20. Be3 O-O
21. Be6+ Kh8 22. O-O-O Rf6 23. Bd5 c6 24. Bg5 Rf5 25. Bxe7 cxd5 26. Bxd6 dxc4
27. dxc4 Rc8 28. Bb4 Rxc4+ 29. Kb1 h6 30. Rhf1 Rxf1 31. Rxf1 Rxb4 32. Rf5 e4
33. Re5 Rd4 34. Kc2 Rc4+ 35. Kd2 Rd4+ 36. Ke3 Rb4 37. b3 g5 38. Rxe4 Rxe4+ 39.
Kxe4 Kg7 40. Kf3 Kg6 41. h3 h5 42. g4 h4 43. Ke4 Kf6 44. Kd4 Ke6 45. Ke4 b6 46.
a4 a5 47. Kd4 Kd6 48. Kc4 Kc6 49. b4 axb4 50. Kxb4 Kb7 51. Kb5 Ka7 52. a5 bxa5
53. Kxa5 Kb7 54. Kb5 Kc7 55. Kc5 Kd7 56. Kd5 Ke7 57. Ke5 Kf7 58. Kf5 Kg7 59.
Kxg5 Kg8 60. Kxh4 Kh8 61. g5 Kg8 62. Kh5 Kh8 63. Kh6 Kg8 64. g6 Kh8 65. h4 Kg8
66. g7 Kf7 67. Kh7 Kf6 68. g8=R Kf5 69. Kg7 Kg4 70. Rh8 Kf3 71. h5 Ke4 72. Rf8
Ke5 73. h6 Ke6 74. h7 Ke5 75. h8=R Ke4 76. Kg8 Ke5 77. Rh7 Kd4 78. Re7 Kd5 79.
Rd8+ Kc6 80. Re1 Kc7 81. Rd2 Kc6 82. Rc1+ Kb5 83. Rb2+ Ka4 84. Ra1# 1-0

[Event "MCR 2022 H08"]
[Site "Klatovy, Czech Republic"]
[Date "2022.04.09"]
[Round "5.12"]
[White "Monaghan, Eloy Buffalo"]
[Black "Fedorov, Viktor 2014"]
[Result "0-1"]
[WhiteElo "1000"]
[BlackElo "1000"]
[PlyCount "70"]
[EventDate "2022.04.09"]
[EventType "swiss"]
[EventRounds "9"]
[EventCountry "CZE"]

1. e4 c6 2. Nf3 d5 3. exd5 cxd5 4. Bb5+ Nc6 5. O-O Nf6 6. Nd4 Bg4 7. Bxc6+ bxc6
8. f3 Bd7 9. Rf2 e6 10. Nc3 Bc5 11. Nde2 Bxf2+ 12. Kxf2 O-O 13. Nd4 c5 14. Nb3
c4 15. Nc5 Qc7 16. Na6 Qb6+ 17. Ke1 Qxa6 18. Qe2 Rac8 19. a4 Qb6 20. Qe5 Qg1+
21. Ke2 Qxg2+ 22. Kd1 Qxf3+ 23. Ke1 Ng4 24. Qg5 Nxh2 25. Qg1 Ng4 26. d3 cxd3
27. cxd3 g6 28. Ra3 Ne5 29. Kd2 Qxd3+ 30. Ke1 Nf3+ 31. Kf2 Nxg1 32. Kxg1 d4 33.
Nb1 Rxc1+ 34. Kg2 Rc2+ 35. Kg1 Qd1# 0-1

[Event "MCR 2022 H08"]
[Site "Klatovy, Czech Republic"]
[Date "2022.04.09"]
[Round "5.13"]
[White "Riha, Jan 2014"]
[Black "Hradek, Martin"]
[Result "0-1"]
[WhiteElo "1000"]
[BlackElo "1000"]
[PlyCount "100"]
[EventDate "2022.04.09"]
[EventType "swiss"]
[EventRounds "9"]
[EventCountry "CZE"]

1. e4 e6 2. Nf3 Bd6 3. Nc3 Qf6 4. h3 Bb4 5. a3 Bxc3 6. bxc3 b5 7. Rb1 Ba6 8. d3
Nh6 9. Bg5 Qg6 10. Bxh6 gxh6 11. d4 O-O 12. Bd3 Qf6 13. O-O Qd8 14. Ne5 d6 15.
Nf3 Qf6 16. e5 dxe5 17. dxe5 Qe7 18. Be4 c6 19. Qd6 Qxd6 20. exd6 Rd8 21. Rfd1
c5 22. Bxa8 Nc6 23. Bxc6 Rc8 24. Be4 f5 25. Bd3 c4 26. Be2 Rc5 27. Nd2 Re5 28.
Kf1 Bb7 29. Re1 f4 30. Bh5 Rxh5 31. Rxe6 Rg5 32. Rxb5 Bxg2+ 33. Kg1 Bxh3+ 34.
Kh2 Bxe6 35. Rb8+ Kf7 36. Rb7+ Kf6 37. Rxa7 Rh5+ 38. Kg1 Rh3 39. Kg2 f3+ 40.
Nxf3 Bd5 41. Kxh3 Bxf3 42. Rxh7 Kg6 43. Rd7 Kg5 44. a4 Bg4+ 45. Kg3 Bxd7 46. a5
Bc8 47. Kf3 h5 48. Kg3 h4+ 49. Kh2 Kg4 50. f3+ Kxf3 {Kh3 [%clk 00:24:51]} 0-1

[Event "MCR 2022 H08"]
[Site "Klatovy, Czech Republic"]
[Date "2022.04.09"]
[Round "6.1"]
[White "Zelenka, Tomas"]
[Black "Trejbal, Jindrich 2014"]
[Result "1-0"]
[WhiteElo "1158"]
[BlackElo "1101"]
[PlyCount "35"]
[EventDate "2022.04.09"]
[EventType "swiss"]
[EventRounds "9"]
[EventCountry "CZE"]

1. e4 e5 2. Nf3 Nc6 3. d4 exd4 4. Bc4 Nf6 5. O-O Bc5 6. e5 d5 7. Bd3 Ng4 8. c3
Ngxe5 9. Nxe5 Nxe5 10. cxd4 Bxd4 11. Bb5+ Nc6 12. Qxd4 a6 13. Bxc6+ bxc6 14.
Qxg7 Rf8 15. Bg5 f6 16. Re1+ Be6 17. Rxe6+ Qe7 18. Qxe7# 1-0

[Event "MCR 2022 H08"]
[Site "Klatovy, Czech Republic"]
[Date "2022.04.09"]
[Round "6.2"]
[White "Burel, Jan"]
[Black "Lutskiy, Mikhail"]
[Result "0-1"]
[WhiteElo "1000"]
[BlackElo "1135"]
[PlyCount "86"]
[EventDate "2022.04.09"]
[EventType "swiss"]
[EventRounds "9"]
[EventCountry "CZE"]

1. e4 c5 2. Nf3 d6 3. Bc4 Nc6 4. Nc3 g6 5. d3 Bg7 6. O-O Nf6 7. Bg5 Bg4 8. Bxf6
Bxf6 9. h3 Bd7 10. Re1 O-O 11. Qd2 Bg7 12. Ng5 Bh6 13. Bxf7+ Rxf7 14. Nxf7 Bxd2
15. Re2 Kxf7 16. Rxd2 Kg8 17. Re2 Nd4 18. Rd2 Qb6 19. b3 Qb4 20. Rad1 Qxc3 21.
a4 Nxc2 22. Rc1 Qxd2 23. Rf1 Qg5 24. f4 Qg3 25. Rf3 Qe1+ 26. Rf1 Qe3+ 27. Rf2
Qe1+ 28. Rf1 Qe3+ 29. Rf2 b5 30. axb5 Bxb5 31. e5 a5 32. exd6 exd6 33. Kf1
Bxd3+ 34. Kg1 a4 35. bxa4 c4 36. f5 c3 37. fxg6 Nd4 38. gxh7+ Kxh7 39. a5 c2
40. Kh2 c1=Q 41. Rf7+ Kg6 42. Rf6+ Kxf6 43. g4 Qcg1# 0-1

[Event "MCR 2022 H08"]
[Site "Klatovy, Czech Republic"]
[Date "2022.04.09"]
[Round "6.3"]
[White "Strihavka, Petr"]
[Black "Bucek, Vit"]
[Result "0-1"]
[WhiteElo "1000"]
[BlackElo "1087"]
[PlyCount "78"]
[EventDate "2022.04.09"]
[EventType "swiss"]
[EventRounds "9"]
[EventCountry "CZE"]

1. d4 d5 2. Bf4 c6 3. Nf3 Bf5 4. Bxb8 Rxb8 5. e3 Nf6 6. g3 e6 7. Bg2 Bd6 8. O-O
O-O 9. Nbd2 Qb6 10. b3 Bb4 11. Ne5 Bc3 12. Rb1 a5 13. Ndf3 Bb4 14. Ng5 h6 15.
Ngf3 Rbd8 16. Nh4 Be4 17. Bxe4 Nxe4 18. Nhf3 Nc3 19. Qc1 Ne2+ 20. Kg2 Nxc1 21.
Rbxc1 Bd6 22. Ng4 h5 23. Nge5 Bxe5 24. dxe5 f6 25. exf6 Rxf6 26. Ne5 d4 27.
Rcd1 dxe3 28. Rxd8+ Qxd8 29. fxe3 Qd5+ 30. Nf3 Rxf3 31. Rxf3 Qd2+ 32. Rf2 Qxe3
33. Rf3 Qe4 34. Kf2 Qxc2+ 35. Ke3 Qxa2 36. Kf4 Qxh2 37. Ke3 Qg1+ 38. Kf4 Qd4+
39. Kg5 Qg4# 0-1

[Event "MCR 2022 H08"]
[Site "Klatovy, Czech Republic"]
[Date "2022.04.09"]
[Round "6.4"]
[White "Bartak, Tobias"]
[Black "Skoloud, Josef"]
[Result "0-1"]
[WhiteElo "1000"]
[BlackElo "1068"]
[PlyCount "100"]
[EventDate "2022.04.09"]
[EventType "swiss"]
[EventRounds "9"]
[EventCountry "CZE"]

1. e4 d5 2. exd5 Nf6 3. Nc3 Nxd5 4. Nxd5 Qxd5 5. c4 Qd8 6. Nf3 Nc6 7. c5 e5 8.
Bc4 Bxc5 9. Ng5 Qxg5 10. O-O O-O 11. d4 Qe7 12. dxc5 Qxc5 13. b3 Re8 14. Be3
Qd6 15. Qf3 Qf6 16. Qe2 Bd7 17. Qh5 Be6 18. Bxe6 Rxe6 19. Bg5 Qg6 20. Qg4 f6
21. Qxe6+ Kh8 22. Bd2 Nd4 23. Qd5 c6 24. Qc4 Rd8 25. Bc3 h6 26. Bxd4 Rxd4 27.
Qc5 Rg4 28. g3 a6 29. Rad1 Qe8 30. Rd2 Kh7 31. Qc2+ g6 32. Rfd1 h5 33. Rd8 Qe6
34. R1d7+ Kh6 35. Qd2+ g5 36. Rh8+ Kg6 37. Qc2+ e4 38. Rdh7 h4 39. Rh6+ Kf5 40.
Rf8 hxg3 41. Rhxf6+ Qxf6 42. Rxf6+ Kxf6 43. hxg3 e3 44. Qc3+ Kg6 45. Qxe3 Kh5
46. Qb6 Re4 47. Qxb7 Kg4 48. Qxc6 Rd4 49. f3+ Kxg3 50. Qf6 Rd1# 0-1

[Event "MCR 2022 H08"]
[Site "Klatovy, Czech Republic"]
[Date "2022.04.09"]
[Round "6.5"]
[White "Tomes, Jan"]
[Black "Vratny, Vojtech"]
[Result "1-0"]
[WhiteElo "1000"]
[BlackElo "1000"]
[PlyCount "143"]
[EventDate "2022.04.09"]
[EventType "swiss"]
[EventRounds "9"]
[EventCountry "CZE"]

1. e4 e5 2. Nf3 Nc6 3. Bc4 Nf6 4. Ng5 Qe7 5. Nxf7 Rg8 6. Ng5 Rh8 7. O-O d6 8.
Nc3 Bg4 9. f3 Bh5 10. d3 O-O-O 11. Ne6 Re8 12. Bg5 h6 13. Be3 Kb8 14. f4 Bxd1
15. Raxd1 Qd7 16. fxe5 dxe5 17. d4 exd4 18. Nxd4 Nxd4 19. Rxd4 Qc6 20. Bb5 Qe6
21. Bxe8 Qxe8 22. Rfd1 Bc5 23. Rd8+ Qxd8 24. Rxd8+ Rxd8 25. Bxc5 Re8 26. Kf2 b6
27. Be3 Rxe4 28. Nxe4 Nxe4+ 29. Kf3 Nd6 30. Bd4 g5 31. Kg4 c5 32. Be5 Kc7 33.
Kh5 Kc6 34. Kxh6 Nc4 35. Bc3 g4 36. b3 Na3 37. Kh5 Nxc2 38. Kxg4 Nd4 39. h4 Kd7
40. b4 Ke7 41. bxc5 bxc5 42. h5 Kf8 43. h6 Kg8 44. Bxd4 cxd4 45. Kf3 Kh7 46.
Ke4 Kxh6 47. Kxd4 Kg5 48. Kc5 Kf4 49. a4 Kg3 50. Kc6 Kxg2 51. a5 Kf3 52. a6 Ke4
53. Kb7 Kd5 54. Kxa7 Kc6 55. Kb8 Kb6 56. a7 Kc6 57. a8=Q+ Kd6 58. Qa6+ Ke5 59.
Qd3 Ke6 60. Kc7 Ke5 61. Kc6 Ke6 62. Qe4+ Kf6 63. Kd7 Kf7 64. Qf5+ Kg7 65. Qf1
Kg6 66. Ke7 Kg5 67. Ke6 Kg4 68. Ke5 Kg3 69. Ke4 Kg4 70. Qg2+ Kh5 71. Kf5 Kh6
72. Qg6# 1-0

[Event "MCR 2022 H08"]
[Site "Klatovy, Czech Republic"]
[Date "2022.04.09"]
[Round "6.6"]
[White "Vostracky, Martin"]
[Black "Cerny, Ren"]
[Result "0-1"]
[WhiteElo "1000"]
[BlackElo "1000"]
[PlyCount "56"]
[EventDate "2022.04.09"]
[EventType "swiss"]
[EventRounds "9"]
[EventCountry "CZE"]

1. e4 e5 2. Nf3 Nf6 3. Nxe5 Qe7 4. Nf3 Nxe4 5. Be2 d5 6. O-O Bf5 7. d3 Nd6 8.
Re1 Qd7 9. Nc3 Nb5 10. Nxb5 Qxb5 11. d4 Qc6 12. Bb5+ Be7 13. Bxc6+ Nxc6 14. Bg5
f6 15. Bd2 O-O 16. a3 Rae8 17. b4 Be4 18. b5 Bxf3 19. Qxf3 Nxd4 20. Qxd5+ Kh8
21. Qxd4 b6 22. Re2 Bc5 23. Qd3 Rd8 24. Qc3 Bd4 25. Qxc7 Bxa1 26. Bb4 h6 27.
Bxf8 Rd1+ 28. Re1 Rxe1# 0-1

[Event "MCR 2022 H08"]
[Site "Klatovy, Czech Republic"]
[Date "2022.04.09"]
[Round "6.7"]
[White "Krivka, Lukas"]
[Black "Fadrny, Jonas"]
[Result "0-1"]
[WhiteElo "1000"]
[BlackElo "1000"]
[PlyCount "170"]
[EventDate "2022.04.09"]
[EventType "swiss"]
[EventRounds "9"]
[EventCountry "CZE"]

1. e4 c6 2. Bc4 d5 3. exd5 cxd5 4. Bb5+ Nc6 5. Bxc6+ bxc6 6. Nf3 Ba6 7. d3 c5
8. O-O e6 9. Bf4 Bd6 10. Bxd6 Qxd6 11. d4 Bxf1 12. dxc5 Qxc5 13. Kxf1 Rb8 14.
b3 Qb5+ 15. Kg1 Nf6 16. Nc3 Qc5 17. Na4 Qc6 18. Ne5 Qd6 19. Nf3 O-O 20. Qd4 Rb7
21. Rd1 Ra8 22. g3 Rb4 23. Qc5 Qxc5 24. Nxc5 Rb5 25. Nd3 Rc8 26. Rc1 Ra5 27. a4
d4 28. Nxd4 e5 29. Nb5 a6 30. Nd6 Rc7 31. Nc4 Rd5 32. Ndxe5 Rxc4 33. bxc4 Rxe5
34. f4 Rc5 35. Rd1 h6 36. Rd8+ Kh7 37. Ra8 Rxc4 38. Rxa6 Rxc2 39. a5 Nd5 40.
Ra7 Ra2 41. Rxf7 Rxa5 42. h4 Nf6 43. Kg2 Ra3 44. Kf2 Ne4+ 45. Kg2 Rxg3+ 46. Kh2
Rg4 47. Kh3 Nf2+ 48. Kh2 Kg8 49. Ra7 Rxf4 50. Kg3 Nd3 51. Ra3 Rd4 52. Ra7 g5
53. hxg5 hxg5 54. Rb7 Ne5 55. Re7 Rd5 56. Ra7 Nf7 57. Kg4 Kg7 58. Ra1 Kg6 59.
Ra6+ Nd6 60. Ra8 Rd4+ 61. Kf3 g4+ 62. Ke3 Nf5+ 63. Ke2 g3 64. Ke1 g2 65. Kf2
Rg4 66. Kg1 Ne3 67. Rg8+ Kf5 68. Rxg4 Kxg4 69. Kf2 Kh3 70. Kxe3 g1=Q+ 71. Kd3
Qe1 72. Kd4 Kg4 73. Kd5 Kf4 74. Kd6 Kf5 75. Kd7 Kf6 76. Kd8 Kf7 77. Kc7 Qd2 78.
Kc6 Ke7 79. Kc5 Ke6 80. Kc4 Ke5 81. Kb5 Qc1 82. Kb6 Kd5 83. Kb7 Kd6 84. Kb8 Kd7
85. Ka8 Kc7 0-1

[Event "MCR 2022 H08"]
[Site "Klatovy, Czech Republic"]
[Date "2022.04.09"]
[Round "6.8"]
[White "Fedorov, Viktor 2014"]
[Black "Krejcik, Radek"]
[Result "0-1"]
[WhiteElo "1000"]
[BlackElo "1000"]
[PlyCount "172"]
[EventDate "2022.04.09"]
[EventType "swiss"]
[EventRounds "9"]
[EventCountry "CZE"]

1. e4 e5 2. Nf3 Nc6 3. Nc3 Nf6 4. Bc4 Bc5 5. d3 h6 6. Be3 Bxe3 7. fxe3 O-O 8.
Qe2 d6 9. O-O-O Bg4 10. h3 Bxf3 11. gxf3 a6 12. Rhg1 b5 13. Bd5 Nxd5 14. exd5
Nb4 15. Qg2 g6 16. a3 Nxd5 17. Nxd5 c6 18. Nb4 c5 19. Nc6 Qd7 20. Na5 Rab8 21.
Nb3 c4 22. Nd2 cxd3 23. cxd3 Rbc8+ 24. Kb1 a5 25. Ne4 Qd8 26. d4 exd4 27. exd4
b4 28. axb4 axb4 29. Qg3 d5 30. Nd6 Rc6 31. Nb7 Qd7 32. Na5 Ra6 33. Nb3 Rc8 34.
Qh4 Qd8 35. Qxd8+ Rxd8 36. Rg4 h5 37. Re4 dxe4 38. fxe4 g5 39. Rg1 g4 40. hxg4
hxg4 41. Rxg4+ Kh7 42. d5 Kh6 43. Rg1 f6 44. Rf1 Kg6 45. Nd4 Rb6 46. Nf3 b3 47.
Nh4+ Kg5 48. Nf3+ Kg6 49. Rg1+ Kf7 50. Rd1 Ra6 51. e5 fxe5 52. Nxe5+ Kf6 53.
Ng4+ Kg5 54. Nf2 Ra5 55. d6 Kf6 56. d7 Ke7 57. Ne4 Rxd7 58. Rxd7+ Kxd7 59. Kc1
Ra1+ 60. Kd2 Kc6 61. Kc3 Re1 62. Nd2 Re3+ 63. Kb4 Rd3 64. Nc4 Kd5 65. Nb6+ Kd4
66. Na4 Ke3 67. Nb6 Kd2 68. Ka3 Kc2 69. Nd5 Rxd5 70. Kb4 Kxb2 71. Kc4 Ka2 72.
Kxd5 b2 73. Kd4 b1=Q 74. Kc3 Qb3+ 75. Kd2 Qc4 76. Ke3 Qd5 77. Kf4 Kb2 78. Ke3
Kc2 79. Ke2 Qe5+ 80. Kf3 Kd2 81. Kg4 Qf6 82. Kg3 Qf5 83. Kg2 Ke3 84. Kg3 Qg5+
85. Kh3 Kf2 86. Kh2 Qg2# 0-1

[Event "MCR 2022 H08"]
[Site "Klatovy, Czech Republic"]
[Date "2022.04.09"]
[Round "6.9"]
[White "Koutecky, Vaclav 2014"]
[Black "Flidr, Jan"]
[Result "1-0"]
[WhiteElo "1000"]
[BlackElo "1000"]
[PlyCount "45"]
[EventDate "2022.04.09"]
[EventType "swiss"]
[EventRounds "9"]
[EventCountry "CZE"]

1. e4 e5 2. Nf3 Nc6 3. d4 Bb4+ 4. c3 Ba5 5. b4 Bb6 6. a4 Nf6 7. a5 Bxa5 8. bxa5
Nxe4 9. dxe5 Ne7 10. Bc4 O-O 11. O-O b6 12. Bd5 Nxd5 13. Qxd5 Nf6 14. Qxa8 bxa5
15. Bg5 Qe7 16. exf6 gxf6 17. Re1 Qc5 18. Bxf6 Qxc3 19. Nxc3 Ba6 20. Qxa7 Bc8
21. Qxc7 Ba6 22. Qxa5 Rd8 23. Qxd8# 1-0

[Event "MCR 2022 H08"]
[Site "Klatovy, Czech Republic"]
[Date "2022.04.09"]
[Round "6.10"]
[White "Habetinek, Jan"]
[Black "Kupka, Frantisek 2014"]
[Result "1/2-1/2"]
[WhiteElo "1000"]
[BlackElo "1000"]
[PlyCount "39"]
[EventDate "2022.04.09"]
[EventType "swiss"]
[EventRounds "9"]
[EventCountry "CZE"]

1. e4 e5 2. f4 exf4 3. Nf3 d5 4. exd5 Nf6 5. Nc3 Bb4 6. Bb5+ c6 7. dxc6 Nxc6 8.
Bxc6+ bxc6 9. d3 Nd5 10. O-O Nxc3 11. bxc3 Bxc3 12. Rb1 Bg4 13. Ba3 Rb8 14.
Rxb8 Qxb8 15. Qe2+ Kd7 16. Qe7+ Kc8 17. h3 Bxf3 18. Rxf3 Bd4+ 19. Kh2 Qb7 20.
Qe1 1/2-1/2

[Event "MCR 2022 H08"]
[Site "Klatovy, Czech Republic"]
[Date "2022.04.09"]
[Round "6.12"]
[White "Kasalicky, Divis"]
[Black "Sromek, Sebastian"]
[Result "1-0"]
[WhiteElo "1000"]
[BlackElo "1000"]
[PlyCount "39"]
[EventDate "2022.04.09"]
[EventType "swiss"]
[EventRounds "9"]
[EventCountry "CZE"]

1. e4 e5 2. Nf3 Nc6 3. Bc4 Bc5 4. Nc3 Nf6 5. d3 O-O 6. Bg5 Bxf2+ 7. Kxf2 Na5 8.
Bxf6 Qxf6 9. Nd5 Qd8 10. Nxe5 Nxc4 11. dxc4 Qh4+ 12. Kf1 Re8 13. g3 Qg5 14. h4
Qd8 15. Qh5 h6 16. Qxf7+ Kh7 17. Qg6+ Kg8 18. Ng4 d6 19. Nxh6+ Kf8 20. Qf7# 1-0

[Event "MCR 2022 H08"]
[Site "Klatovy, Czech Republic"]
[Date "2022.04.09"]
[Round "6.13"]
[White "Kloubek, Vit"]
[Black "Tomes, Dominik"]
[Result "0-1"]
[WhiteElo "1000"]
[BlackElo "1000"]
[PlyCount "36"]
[EventDate "2022.04.09"]
[EventType "swiss"]
[EventRounds "9"]
[EventCountry "CZE"]

1. e4 e5 2. f4 exf4 3. Nf3 Nf6 4. d4 Nxe4 5. Bxf4 Qf6 6. Bb5 Qxf4 7. O-O c6 8.
Ba4 b5 9. Bb3 c5 10. Ne5 Qe3+ 11. Kh1 Nf2+ 12. Rxf2 Qxf2 13. Nd3 Qxd4 14. Na3
b4 15. Nb5 Qe4 16. Nc7+ Kd8 17. Nxa8 Bb7 18. Nxc5 Qxg2# 0-1